|
|
|
|
| LEADER |
00000nam0a2200000 4500 |
| 001 |
81762 |
| 005 |
20231101213205.0 |
| 010 |
|
|
|a 5982980137
|
| 035 |
|
|
|a (RuTPU)RU\TPU\book\87872
|
| 090 |
|
|
|a 81762
|
| 100 |
|
|
|a 20050923d2005 m y0rusy50 ca
|
| 101 |
0 |
|
|a rus
|
| 102 |
|
|
|a RU
|
| 105 |
|
|
|a a j 001zy
|
| 200 |
1 |
|
|a Материаловедение
|e учебное пособие
|f А. М. Апасов, Г. В. Галевский, В. И. Данилов
|g Томский политехнический университет
|
| 210 |
|
|
|a Томск
|c Изд-во ТПУ
|d 2005
|
| 215 |
|
|
|a 622 с.
|c ил.
|
| 320 |
|
|
|a Библиогр.: с. 608-613
|
| 330 |
|
|
|a В учебном пособии впервые предпринята попытка систематизированного изложения принципов, достижений и перспектив синтеза новых материалов не только с позиций эволюции представлений о структуре периодической системы на химическом уровне учения о периодичности, но и на электронном и ядерном уровнях. В связи с этим вновь введены такие разделы, как нанотехнология, аморфные металлические сплавы, синтез алмаза и неметаллических тугоплавких соединений, а также синтез тяжелых трансурановых элементов. Пособие предназначено для студентов металлургических специальностей всех форм обучения, а также может быть полезно для студентов, специализирующихся в области приборостроении и технической физики.
|
| 606 |
|
|
|a Материаловедение
|2 stltpush
|3 (RuTPU)RU\TPU\subj\41248
|9 61053
|
| 610 |
1 |
|
|a физико-химические основы
|
| 610 |
1 |
|
|a химическая связь
|
| 610 |
1 |
|
|a кристаллография
|
| 610 |
1 |
|
|a химическая термодинамика
|
| 610 |
1 |
|
|a гетерогенное равновесие
|
| 610 |
1 |
|
|a теория
|
| 610 |
1 |
|
|a твердые тела
|
| 610 |
1 |
|
|a твердые растворы
|
| 610 |
1 |
|
|a реальные кристаллы
|
| 610 |
1 |
|
|a дефекты
|
| 610 |
1 |
|
|a тепло
|
| 610 |
1 |
|
|a масса
|
| 610 |
1 |
|
|a заряды
|
| 610 |
1 |
|
|a перенос
|
| 610 |
1 |
|
|a процессы
|
| 610 |
1 |
|
|a кристаллизация
|
| 610 |
1 |
|
|a железо
|
| 610 |
1 |
|
|a сплавы железа
|
| 610 |
1 |
|
|a фазовые превращения
|
| 610 |
1 |
|
|a пластическая деформация
|
| 610 |
1 |
|
|a разрушение
|
| 610 |
1 |
|
|a наноматериалы
|
| 610 |
1 |
|
|a нанотехнологии
|
| 610 |
1 |
|
|a механические свойства
|
| 610 |
1 |
|
|a электронная структура
|
| 610 |
1 |
|
|a электропроводность
|
| 610 |
1 |
|
|a магнитные свойства
|
| 610 |
1 |
|
|a металлы
|
| 610 |
1 |
|
|a термическая обработка
|
| 610 |
1 |
|
|a обработка
|
| 610 |
1 |
|
|a новые технологии
|
| 610 |
1 |
|
|a алмазы
|
| 610 |
1 |
|
|a структура
|
| 610 |
1 |
|
|a химический состав
|
| 610 |
1 |
|
|a фазовое состояние
|
| 610 |
1 |
|
|a углерод
|
| 610 |
1 |
|
|a ядерные излучения
|
| 610 |
1 |
|
|a алмазные детекторы
|
| 610 |
1 |
|
|a синтетические алмазы
|
| 610 |
1 |
|
|a применение
|
| 610 |
1 |
|
|a сенсоэлектроника
|
| 610 |
1 |
|
|a чувствительные элементы
|
| 610 |
1 |
|
|a алмазные теплоотводы
|
| 610 |
1 |
|
|a неметаллические тугоплавкие соединения
|
| 610 |
1 |
|
|a карбид бора
|
| 610 |
1 |
|
|a силициды бора
|
| 610 |
1 |
|
|a карбид кремния
|
| 610 |
1 |
|
|a нитрид бора
|
| 610 |
1 |
|
|a нитрид алюминия
|
| 610 |
1 |
|
|a нитрид кремния
|
| 610 |
1 |
|
|a материалы
|
| 610 |
1 |
|
|a сверхтяжелые элементы
|
| 610 |
1 |
|
|a синтез
|
| 610 |
1 |
|
|a учебные пособия
|
| 675 |
|
|
|a 620.22(075.8)
|v 3
|
| 700 |
|
1 |
|a Апасов
|b А. М.
|c специалист в области материаловедения
|c доцент Юргинского технологического института Томского политехнического университета, кандидат технических наук
|f 1950-
|g Александр Михайлович
|2 stltpush
|3 (RuTPU)RU\TPU\pers\22905
|9 9845
|
| 701 |
|
1 |
|a Галевский
|b Г. В.
|g Геннадий Владиславович
|
| 701 |
|
1 |
|a Данилов
|b В. И.
|c физик
|c профессор Юргинского технологического института (филиала) Томского политехнического университета, доктор физико-математических наук
|f 1947-
|g Владимир Иванович
|2 stltpush
|3 (RuTPU)RU\TPU\pers\24230
|9 10717
|
| 712 |
0 |
2 |
|a Томский политехнический университет
|2 stltpush
|3 (RuTPU)RU\TPU\col\376
|
| 801 |
|
1 |
|a RU
|b 63413507
|c 20050923
|g PSBO
|
| 801 |
|
2 |
|a RU
|b 63413507
|c 20201119
|g PSBO
|
| 900 |
|
|
|a Материаловедение
|
| 900 |
|
|
|a Материаловедение...
|
| 900 |
|
|
|a Материаловедение и технология неметаллических материалов
|
| 942 |
|
|
|c BK
|
| 951 |
|
|
|a 550500
|